000
00258nam a2200109Ia 4500
008
190216s9999||||xx |||||||||||||| ||und||
100
_a
Ahluwaliya B K
245
0
_a
Gandhi Palakazhchappadiloode
260
_b
Veenus Press
650
_a
Malayalam
942
_c
BK
999
_c
25108
_d
25108